Taxeren Flexwoningen (Record no. 122074)
[ view plain ]
| 000 -LEADER | |
|---|---|
| fixed length control field | 01207nam a22001937a 4500 |
| 008 - FIXED-LENGTH DATA ELEMENTS--GENERAL INFORMATION | |
| fixed length control field | 241223t2024 gw |||||o|||| 00| 0 ger d |
| 041 ## - LANGUAGE CODE | |
| Language code of text/sound track or separate title | eng |
| 110 ## - MAIN ENTRY--CORPORATE NAME | |
| Corporate author | Royal Institution of Chartered Surveyors |
| 245 ## - TITLE STATEMENT | |
| Title | Taxeren Flexwoningen |
| 260 ## - PUBLICATION INFORMATION | |
| Place of publication | London, |
| Publisher | Royal Institution of Chartered Surveyors, |
| Date | December 2024 |
| 490 ## - SERIES TITLE | |
| Series statement | RICS Information Paper |
| 520 ## - ABSTRACT | |
| Abstract | Flexwoningen spelen een cruciale rol in het terugdringen van het woningtekort, maar hoe waardeer je tijdelijke woningen correct? Ons nieuwe Informationpaper biedt taxateurs en betrokken partijen praktische handvatten en richtlijnen voor een uniforme benadering bij de taxatie van Flexwoningen<br/><br/>Flex homes play a crucial role in reducing the housing shortage, but how do you value temporary homes correctly? Our new Information Paper offers appraisers and parties involved practical tools and guidelines for a uniform approach to the valuation of Flex Homes. |
| 650 ## - KEYWORDS | |
| Keywords | Waardering |
| 650 ## - KEYWORDS | |
| Keywords | Waarderingsgrondslag |
| 651 ## - SUBJECT ADDED ENTRY--GEOGRAPHIC NAME | |
| Geographic name | Netherlands |
| 710 ## - ADDED CORPORATE NAME | |
| Added corporate author | Royal Institution of Chartered Surveyors |
| 856 ## - ONLINE RESOURCE | |
| Uniform Resource Identifier | <a href="https://www.rics.org/news-insights/information-paper-taxeren-flexwoningen">https://www.rics.org/news-insights/information-paper-taxeren-flexwoningen</a> |
| Public note | Available free on RICS.org |
| 942 ## - ADDED ENTRY ELEMENTS (KOHA) | |
| Suppress in OPAC | Do not suppress in OPAC |
| Lost status | Damaged status | Not for loan | Current library | Shelving location | Date acquired | Total Checkouts | Full call number | Date last seen | Price effective from | Koha item type |
|---|---|---|---|---|---|---|---|---|---|---|
| Virtual | Online | 23/12/2024 | ONLINE PUBLICATION | 23/12/2024 | 23/12/2024 | Online material |